Normale Ansicht MARC-Ansicht ISBD

Istorija stalinizma: žizn' v terrore : (Titelsatznr. 33779)

[ MARC ]
MARC-Details
000 -Satzkennung
Kontrollfeld mit fester Länge 00779nam a22002411c 4500
001 - Kontrollnummer
Kontrollfeld a987675635
008 - Feld mit fester Länge zur physischen Beschreibung - Allgemeine Angaben
Kontrollfeld mit fester Länge 160216s2013 gw |||| 000u rus d
020 ## - Internationale Standardbuchnummer
Internationale Standardbuchnummer 9785824318012
Verknüpfung 978-5-8243-1801-2
041 ## - Sprachcode
Sprachcode des Textes/der Tonspur oder des separaten Titels rus
040 ## - Katalogisierungsquelle
Übertragungsstelle RU-10907106
003 - Kontrollnummer Identifier
Kontrollfeld RU-10907106
245 00 - Titel
Titel Istorija stalinizma: žizn' v terrore :
Zusatz zum Titel Social'nye aspekty repressij ; materialy meždunarodnoj naučnoj konferencii. Sankt-Peterburg, 18-20 oktjabrja 2012 g.
264 ## - Produktion, Veröffentlichung, Distribution, Herstellung und Urheberrechtsvermerk
Herstellungs-, Veröffentlichungs- Vertriebs-, Erzeugungsort Moskva :
Produzent, Herausgeber, Distributor, Hersteller ROSSPEN,
Datum der Herstellung, der Veröffentlichung, des Vertriebs oder des Urheberschutzvermerks 2013
300 ## - Physische Beschreibung
Umfang 484 S.
490 #0 - Gesamttitelangabe
Gesamttitelangabe Istorija stalinizma : debaty
650 #0 - Nebeneintragung unter einem Schlagwort - Sachschlagwort
Sachschlagwort oder geografischer Name als Eintragungselement Stalinismus
650 #0 - Nebeneintragung unter einem Schlagwort - Sachschlagwort
Sachschlagwort oder geografischer Name als Eintragungselement Terror
655 #0 - Indexierungsterm - Genre/Form
Genre/Form oder fokussierter Term Aufsatzsammlung
700 1# - Nebeneintragung - Personenname
Personenname Sorokin, Andrej
Funktionsbezeichnung HerausgeberIn
700 1# - Nebeneintragung - Personenname
Personenname Kobak, Aleksandr
Funktionsbezeichnung HerausgeberIn
700 1# - Nebeneintragung - Personenname
Personenname Kuvaldina, O.
Funktionsbezeichnung HerausgeberIn
942 ## - Zusätzliche Felder (Koha)
Koha-Medientyp Monographien
Exemplare
Ausgeschieden Verloren Klassifikation oder Aufstellungssystematik Beschädigt Nicht entleihbar Heimatbibliothek Aufenthaltsbibliothek Aufstellungsort Erwerbungsdatum Inventarnummer Signatur Barcode Letzte Aktivität Preis gültig von Koha-Medientyp
    Andere/Generische Klassifikation     MWN Osteuropa MWN Osteuropa Magazin - 2 16/02/2016 16-00433 Ersatzß R 60 h Sor E004015079085277 23/02/2021 22/03/2021 Monographien